000 00888nam a2200301 a 4500
001 Z_55
003 CHAP
005 20230508123301.0
007 ta
008 220113t1986 ado fr 001 0 eng d
010 _a163021
020 _a0-9603692-3-6
040 _aZ
_cCHAP
082 _a584.9072 R36
245 1 0 _aRange research:
_bbasic problems and techniques/
_ceditores C. Wayne Cook y James Stubbendieck
260 _aDemver, Colorado:
_bSociety for Range Management,
_c1986
300 _a317 p.
_bil., gráficas, fotografías
503 _aej.1: 150584 \ ej.2: fotocopias
650 _aPastizales
_xManejo
_9137244
650 _aPastos
_xInvestigación
_986052
700 1 _aCook, C. Wayne
_9137243
_eeditor
700 1 _aStubbendieck, James
_9110043
_eeditor
901 _a584.9072 R36
902 _aA
910 _a1986
942 _cLIBRO
_2ddc
942 _cLIBRO
_2ddc
999 _c163021
_d163021